书目信息 |
| 题名: |
美国陆军史
|
|
| 作者: | 莫里斯, 著 ;靳绮雯 , 蔡晓惠 , 林贤明 译 | |
| 分册: | ||
| 出版信息: | 长沙 湖南人民出版社 2010.07 |
|
| 页数: | 292页 | |
| 开本: | 26cm | |
| 丛书名: | 美国军事战略、军事战争丛书 | |
| 单 册: | ||
| 中图分类: | E712.51 | |
| 科图分类: | ||
| 主题词: | 陆军--lu jun--军事史--美国 | |
| 电子资源: | ||
| ISBN: | 978-7-5438-6540-2 | |
| 000 | 01216nam 2200313 450 | |
| 001 | 012011071738 | |
| 005 | 20110730141235.75 | |
| 010 | @a978-7-5438-6540-2@dCNY48.50 | |
| 100 | @a20110730d2010 em y0chiy0120 ea | |
| 101 | 1 | @achi@ceng |
| 102 | @aCN@b430000 | |
| 105 | @aabc z 000yy | |
| 106 | @ar | |
| 200 | 1 | @a美国陆军史@Amei guo lu jun shi@d= History of the US army@f(美) 詹姆斯·M·莫里斯著@g靳绮雯, 蔡晓惠, 林贤明译@zeng |
| 210 | @a长沙@c湖南人民出版社@d2010.07 | |
| 215 | @a292页@c图, 地图, 肖像@d26cm | |
| 225 | 2 | @a美国军事战略、军事战争丛书@Amei guo jun shi zhan lue、jun shi zhan zheng cong shu |
| 300 | @a美国战争史精品军事书 | |
| 330 | @a本书以翔实的史料记述了美国陆军的发展历程,着力总结了美国陆军在科技建设和人才培养方面的经验,讲述了这支为美国服务的部队中发生的许多生动有趣的故事。 | |
| 410 | 0 | @12001 @a美国军事战略、军事战争丛书 |
| 500 | 10 | @aHistory of the US army@mChinese |
| 606 | 0 | @a陆军@Alu jun@x军事史@y美国 |
| 690 | @aE712.51@v4 | |
| 701 | 1 | @a莫里斯,@Amo li si@b詹姆斯·M@4著 |
| 702 | 0 | @a靳绮雯@Ajin qi wen@4译 |
| 702 | 0 | @a蔡晓惠@Acai xiao hui@4译 |
| 702 | 0 | @a林贤明@Alin xian ming@4译 |
| 801 | 0 | @aCN@bQSSK@c20110730 |
| 905 | @b793873-75@dE712.51@eM856@f3 | |
| 美国陆军史= History of the US army/(美) 詹姆斯·M·莫里斯著/靳绮雯, 蔡晓惠, 林贤明译.-长沙:湖南人民出版社,2010.07 |
| 292页:图, 地图, 肖像;26cm.-(美国军事战略、军事战争丛书) |
| 美国战争史精品军事书 |
| ISBN 978-7-5438-6540-2:CNY48.50 |
| 本书以翔实的史料记述了美国陆军的发展历程,着力总结了美国陆军在科技建设和人才培养方面的经验,讲述了这支为美国服务的部队中发生的许多生动有趣的故事。 |
| ● |
| 相关链接 |
|
|
|
正题名:美国陆军史
索取号:E712.51/M856
 
预约/预借
| 序号 | 登录号 | 条形码 | 馆藏地/架位号 | 状态 | 备注 |
| 1 | 793873 | 207938730 | 社科库509/ [索取号:E712.51/M856] | 在馆 | |
| 2 | 793874 | 207938749 | 社科库509/509社科库 121排1列4层/ [索取号:E712.51/M856] | 在馆 | |
| 3 | 793875 | 207938758 | 社科库509/509社科库 121排1列4层/ [索取号:E712.51/M856] | 在馆 |